Phê bình - bình luận văn học : Lỗ Tấn, La Quán Trung, Bồ Tùng Linh (Tuyển chọn và trích dẫn những bài phê bình - bình luận văn học của các nhà văn - nghiên cứu Việt Nam và t

Tallennettuna:
Bibliografiset tiedot
Aineistotyyppi: Sách giấy
Kieli:Vietnamese
Julkaistu: TP.HCM : Văn nghệ , 1995
Tagit: Lisää tagi
Ei tageja, Lisää ensimmäinen tagi!
Thư viện lưu trữ: Thư viện Trường Đại học Đà Lạt
LEADER 00708nam a2200241 4500
001 DLU020012508
005 ##5/25/2000
020 # # |a 978- 
041 # # |a vie 
082 # # |a 809  |b Phe 
090 # # |a 809  |b Phe 
245 # # |a Phê bình - bình luận văn học :  |b Lỗ Tấn, La Quán Trung, Bồ Tùng Linh (Tuyển chọn và trích dẫn những bài phê bình - bình luận văn học của các nhà văn - nghiên cứu Việt Nam và t 
260 # # |a TP.HCM :  |b Văn nghệ ,  |c 1995 
300 # # |a 147 tr.;   |c 21 cm. 
992 # # |a 6000 
994 # # |a DLU 
900 # # |a False 
911 # # |a Administrator 
925 # # |a G 
926 # # |a A 
927 # # |a SH 
980 # # |a Thư viện Trường Đại học Đà Lạt